Подробности
| 000 -МАРКЕР |
| контрольное поле |
01752nam0a2200373 4500 |
| 001 - ИДЕНТИФИКАТОР ЗАПИСИ |
| контрольное поле |
RU\NLR\BIBL_A\012484334 |
| 005 - ИДЕНТИФИКАТОР ВЕРСИИ |
| контрольное поле |
20251215152345.0 |
| 010 ## - МЕЖДУНАРОДНЫЙ СТАНДАРТНЫЙ НОМЕР КНИГИ (ISBN) |
| Номер (ISBN) |
978-5-9704-5982-9 |
| Тираж |
500 |
| 021 ## - НОМЕР ГОСУДАРСТВЕННОЙ РЕГИСТРАЦИИ |
| Код страны |
российская федерация |
| Номер |
2020-73700 |
| Номер Листа государственной регистраци |
КН-П-5541 |
| 035 ## - ДРУГИЕ СИСТЕМНЫЕ НОМЕРА |
| Идентификатор записи |
(NLR Aleph) 012484334 |
| 035 ## - ДРУГИЕ СИСТЕМНЫЕ НОМЕРА |
| Идентификатор записи |
(RuMoRGB)010487866 |
| 100 ## - ДАННЫЕ ОБЩЕЙ ОБРАБОТКИ |
| Данные общей обработки |
20210324d2021 u y0rusy50 ca |
| 101 0# - ЯЗЫК РЕСУРСА |
| Язык текста, звукозаписи и т.д. |
русский |
| 102 ## - СТРАНА ПУБЛИКАЦИИ ИЛИ ПРОИЗВОДСТВА |
| Страна публикации |
российская федерация |
| 105 ## - ПОЛЕ КОДИРОВАННЫХ ДАННЫХ: ТЕКСТОВЫЕ МАТЕРИАЛЫ, МОНОГРАФИЧЕСКИЕ |
| Кодированные данные о монографическом текстовом документе |
a|||zzzz000zy |
| 181 #0 - ПОЛЕ КОДИРОВАННЫХ ДАННЫХ: ВИД СОДЕРЖАНИЯ |
| Код вида содержания (ISBD) |
i3 |
| Код характеристики содержания (ISBD) |
axxe |
| 182 #0 - ПОЛЕ КОДИРОВАННЫХ ДАННЫХ: ТИП СРЕДСТВА |
| Код типа средства (ISBD) |
n - непосредственное |
| 200 1# - ЗАГЛАВИЕ И СВЕДЕНИЯ ОБ ОТВЕТСТВЕННОСТИ |
| Основное заглавие |
Психопатологическая пропедевтика |
| Сведения, относящиеся к заглавию |
методика диагностики психических расстройств |
| Первые сведения об ответственности |
Т. И. Букановская |
| 203 ## - ВИД СОДЕРЖАНИЯ И ТИП СРЕДСТВА |
| Вид содержания |
Текст |
| Дополнительные сведения об издании |
визуальный |
| Тип средства |
непосредственный |
| 205 ## - СВЕДЕНИЯ ОБ ИЗДАНИИ |
| Сведения об издании |
2-е изд., доп. и перераб. |
| 210 ## - ПУБЛИКАЦИЯ, РАСПРОСТРАНЕНИЕ И ДР. |
| Место издания, распространения и т.д. |
Москва |
| Имя издателя, распространителя и т. д. |
ГЭОТАр-Медиа |
| Дата издания, распространения и т.д. |
2021 [т.е. 2020] |
| 215 ## - ФИЗИЧЕСКАЯ ХАРАКТЕРИСТИКА |
| Специфическое обозначение материала и объем |
106, [6] с. |
| Другие сведения о физической характеристике |
ил., табл. |
| Размеры |
21 |
| 300 ## - ОБЩИЕ ПРИМЕЧАНИЯ |
| Текст примечания |
На обороте тит. с. авт.: Букановская Т. И., д.м.н., проф. |
| 606 1# - НАИМЕНОВАНИЕ ТЕМЫ КАК ПРЕДМЕТ |
| Наименование темы |
Психические расстройства |
| Тематический подзаголовок |
Диагностика |
| Системный номер авторитетной/нормативной записи |
2368656 |
| Идентификатор авторитетной/нормативной записи |
RU\NLR\AUTH\661413929 |
| 686 1# - ИНДЕКСЫ ДРУГИХ КЛАССИФИКАЦИЙ |
| Индекс |
Р64-4 |
| 700 #1 - ИМЯ ЛИЦА - ПЕРВИЧНАЯ ОТВЕТСТВЕННОСТЬ |
| Начальный элемент ввода |
Букановская |
| Часть имени, кроме начального элемента ввода |
Т. И. |
| Расширение инициалов личного имени |
Тамара Ивановна |
| 856 4# - МЕСТОНАХОЖДЕНИЕ ЭЛЕКТРОННЫХ РЕСУРОВ И ДОСТУП К НИМ |
| Имя пользователя (logon/login) |
VNP_UCHZ |
| Эмуляция терминала (Terminal emulation) |
VIEW |
| Универсальный идентификатор ресурса (Uniform Resource Identifier) |
https://webservices.nlr.ru/viewer/file?name=a012484334_002.txt |
| Тип доступа (Access method) |
Аннотация |
| 856 4# - МЕСТОНАХОЖДЕНИЕ ЭЛЕКТРОННЫХ РЕСУРОВ И ДОСТУП К НИМ |
| Имя пользователя (logon/login) |
VNP_UCHZ |
| Эмуляция терминала (Terminal emulation) |
VIEW |
| Универсальный идентификатор ресурса (Uniform Resource Identifier) |
https://webservices.nlr.ru/viewer/file?name=p012484334_003.jpg |
| Непубликуемое примечание (Nonpublic note) |
001 |
| Тип доступа (Access method) |
Страница |
| 856 41 - МЕСТОНАХОЖДЕНИЕ ЭЛЕКТРОННЫХ РЕСУРОВ И ДОСТУП К НИМ |
| Имя пользователя (logon/login) |
VNP_UCHZ |
| Эмуляция терминала (Terminal emulation) |
VIEW |
| Универсальный идентификатор ресурса (Uniform Resource Identifier) |
https://webservices.nlr.ru/viewer/file?name=t012484334_001.jpg |
| Тип доступа (Access method) |
Обложка |
| 942 ## - ДОПОЛНИТЕЛЬНЫЕ ЭЛЕМЕНТЫ ЗАПИСИ (АБИС) |
| Тип экземпляра АБИС |
Книга |
| 980 ## - КОЛЛЕКЦИЯ |
| Название коллекции |
Национальная библиография |